Leicester City UEFA Champions League Players - Statistics

General Stats
  • This quiz has been taken 184 times
    64 since last reset
  • The average score is 13 of 26
Answer Stats
The Foxes % Correct
Jamie Vardy
97%
Kasper Schmeichel
93%
Riyad Mahrez
93%
Danny Drinkwater
85%
Wes Morgan
81%
Robert Huth
78%
Christian Fuchs
73%
Marc Albrighton
71%
Shinji Okazaki
71%
Danny Simpson
66%
Wilfred Ndidi
56%
Leonardo Ulloa
53%
Ben Chilwell
46%
Andy King
36%
Demarai Gray
36%
Islam Slimani
36%
Daniel Amartey
34%
Harvey Barnes
29%
Jeffrey Schlupp
27%
Nampalys Mendy
24%
Ahmed Musa
22%
Marcin Wasilewski
20%
Ron-Robert Zieler
17%
Yohan Benalouane
14%
Luis Hernández
12%
Ben Hamer
10%
No matching quizzes found
Score Distribution
Percent of People with Each Score
Percentile by Number Answered
Your Score History
You have not taken this quiz since the last reset